Welcome to the Holygrace Academy Library

Please use search bar below to get started

DAIVATHINTE CHARANMAR (Record no. 4907)

MARC details
000 -LEADER
fixed length control field 00321nam a22001457a 4500
020 ## - INTERNATIONAL STANDARD BOOK NUMBER
ISBN 97891-5242-727-5
082 ## - DEWEY DECIMAL CLASSIFICATION NUMBER
Classification number 894.812.3
Item number JOS/D
100 ## - MAIN ENTRY--AUTHOR NAME
Personal name ANNAMKUTTY JOSE, JOSEPH
245 ## - TITLE STATEMENT
Title DAIVATHINTE CHARANMAR
260 ## - PUBLICATION, DISTRIBUTION, ETC. (IMPRINT)
Place of publication KOTTAYAM
Name of publisher DC BOOKS
Year of publication 2019
300 ## - PHYSICAL DESCRIPTION
Number of Pages 232
520 ## - SUMMARY, ETC.
Summary, etc NOVEL
650 ## - SUBJECT ADDED ENTRY--TOPICAL TERM
Topical Term NOVEL
942 ## - ADDED ENTRY ELEMENTS (KOHA)
Koha item type Books
Holdings
Withdrawn status Lost status Collection code Home library Current library Shelving location Date acquired Source of acquisition Cost, normal purchase price Full call number Accession Number Koha item type
    Non-fiction Main Library Main Library SHELF-16- I- MALAYALAM NOVELS,FICTIONS 22/01/2024 Purchase 299.00 894.812.3 JOS/D 12205 Books